00722nam a2200193Ia 4500008004100000020001800041082001600059100001900075245015400094250000700248260004000255300002300295500001900318600002000337650002000357942000700377952012700384999001700511240925s9999 xx 000 0 und d a9781507209073 a332.024 CAG aCagan, Michele 0aBudgeting 101: from getting out of debt and tracking expenses to setting financial goals and building your savings, your essential guide to budgeting aNA aCanada:bWiley Intersciencec,2018. a182p.b0fOriginal aIncludes Index aSocial Sciences aSocial Sciences cBK 001040708SSaUITUbUITUd2019-02-05eReading Booksg795.00l0o332.024 CAGpQ14655r2024-09-25 07:17:23w0000-00-00yBK c17154d17154